| 000 | 004370000a22001810004500 | ||
|---|---|---|---|
| 003 | MACL | ||
| 005 | 20160113170533.0 | ||
| 008 | 160113b xxu||||| |||| 00| 0 eng d | ||
| 040 |
_aMACL _cMACL |
||
| 041 | _aEnglish | ||
| 082 | _a970/JON | ||
| 100 |
_aJones, Ll Rodwell _929503 |
||
| 245 | _aNorth America | ||
| 260 |
_bMethuen & Co. Ltd _c1957 _aLondon |
||
| 350 | _a30 | ||
| 650 |
_aNorth America _932063 |
||
| 942 |
_cBK _k970/JON _2ddc |
||
| 999 |
_c35959 _d35959 |
||